| Tag |
First Indicator |
Second Indicator |
Subfields |
| LEADER |
00000cam a2200000 a 4500 |
| 001 |
in00002782816 |
| 005 |
20150922150309.0 |
| 008 |
111115s2012 miu b s000 0deng |
| 010 |
|
|
|a 2011046884
|
| 020 |
|
|
|a 9781611860498 (pbk. : alk. paper)
|
| 020 |
|
|
|a 1611860490 (pbk. : alk. paper)
|
| 035 |
|
|
|a (OCoLC)ocn762373570
|
| 040 |
|
|
|a DLC
|c DLC
|d UtOrBLW
|
| 043 |
|
|
|a n-us-tn
|a n-us---
|
| 049 |
|
|
|a TXAM
|
| 050 |
0 |
0 |
|a F444.M58
|b L675 2012
|
| 082 |
0 |
0 |
|a 910.4609768/19
|2 23
|
| 100 |
1 |
|
|a Kamin, Ben.
|
| 245 |
1 |
0 |
|a Room 306 :
|b the national story of the Lorraine Motel /
|c Ben Kamin.
|
| 246 |
3 |
|
|a Room three hundred six
|
| 264 |
|
1 |
|a East Lansing :
|b Michigan State University Press,
|c [2012]
|
| 264 |
|
4 |
|c ©2012
|
| 300 |
|
|
|a xiv, 186 pages ;
|c 23 cm.
|
| 336 |
|
|
|a text
|b txt
|2 rdacontent
|
| 337 |
|
|
|a unmediated
|b n
|2 rdamedia
|
| 338 |
|
|
|a volume
|b nc
|2 rdacarrier
|
| 504 |
|
|
|a Includes bibliographical references (pages 183-186).
|
| 505 |
0 |
|
|a Introduction: The Motel at Mulberry and Main -- pt. 1. The History -- The King-Abernathy Suite : Billy Kyles -- Lawyer at the Lorraine : Lucius Burch -- Lover at the Lorraine : Georgia Davis Powers -- Mighty Reverend at the Lorraine : James Lawson -- pt. 2. The Transition -- Breaking the Barriers : Maxine Smith -- Saving the Lorraine, Losing the Mantle : Judge D'Army Bailey -- Endowing the Lorraine : J.R. "Pitt" Hyde -- The Lorraine Photographer : Ernest C. Withers -- pt. 3. The Rebirth -- It's a Magical Place : Julian Bond -- Filming the Lorraine : Lillian Benson -- Managing the Museum at the Lorraine : Beverly Robertson -- Producing The Witness at the Lorraine : Margaret Hyde -- Room 306 and Today's Young Artists : Craig Alan Edwards and Katori Hall -- They Got It Done : Clayborne Carson -- Afterword: The Rain Are Fallin.
|
| 610 |
2 |
0 |
|a Lorraine Motel (Memphis, Tenn.)
|x History.
|
| 610 |
2 |
0 |
|a National Civil Rights Museum
|x History.
|
| 600 |
1 |
0 |
|a King, Martin Luther,
|c Jr.,
|d 1929-1968
|x Homes and haunts
|z Tennessee
|z Memphis.
|
| 650 |
|
0 |
|a African American civil rights workers
|v Biography.
|
| 650 |
|
0 |
|a African Americans
|z Tennessee
|z Memphis
|v Biography.
|
| 651 |
|
0 |
|a Memphis (Tenn.)
|v Biography.
|
| 650 |
|
0 |
|a Historic hotels
|z Tennessee
|z Memphis.
|
| 650 |
|
0 |
|a African Americans
|x Museums
|z Tennessee
|z Memphis.
|
| 651 |
|
0 |
|a Memphis (Tenn.)
|x Buildings, structures, etc.
|
| 651 |
|
0 |
|a Memphis (Tenn.)
|x History.
|
| 945 |
|
|
|a PromptCat
|
| 946 |
|
|
|a stk
|
| 947 |
|
|
|a A14835931102
|
| 948 |
|
|
|a cataloged
|b h
|c 2012/12/5
|d c
|e dmitchel
|f 5:00:00 pm
|
| 994 |
|
|
|a 92
|b TXA
|
| 999 |
|
|
|a MARS
|
| 999 |
f |
f |
|s 809ffe6d-e552-300a-a412-158df37f5453
|i b15ca431-9e9d-3a5b-8057-d0e9ee186509
|t 0
|
| 952 |
f |
f |
|p normal
|a Texas A&M University
|b College Station
|c Sterling C. Evans Library
|d Evans: Library Stacks
|t 0
|e F444.M58 L675 2012
|h Library of Congress classification
|i unmediated -- volume
|m A14835931102
|
| 998 |
f |
f |
|a F444.M58 L675 2012
|t 0
|l Evans: Library Stacks
|